000 00605nam a2200205Ia 4500
003 OSt
005 20230329150255.0
008 210423s2005 xx 000 0 und d
020 _a9788621304895
040 _cAL
041 _aeng
082 _a808.80358 AURO
100 _aAUROBINDO.
_979693
245 _aNationalism religion and beyond: writings on politics society and culture.
260 _aNew Delhi
_bOxford University Press
_c2005
300 _avi,364
_bPB
365 _b650
_cINR
906 _abeyond: ; culture. ; Nationalism ; politics ; religion ; society ; writings
942 _2ddc
_cBK
999 _c156421
_d156421